| 000 | 01903nam a22001577a 4500 | ||
|---|---|---|---|
| 003 | SGT | ||
| 020 | _a9788121928601 | ||
| 082 | _a346,GOG | ||
| 100 | _aGOGNA,P.P.S. | ||
| 245 | _aCOMMON PROFICIENCY TEST MERCANTILE LAWS | ||
| 260 |
_aNEW DELHI _bS.CHAND _c2014 |
||
| 300 | _a439 | ||
| 650 | _aPRIVATE LAW | ||
| 653 | _aPART—I: THE INDIAN CONTRACT ACT, 1872 | NATURE AND KINDS OF CONTRACTS | OFFER AND ACCEPTANCE | CONSIDERATION | CAPACITY TO CONTRACT | FREE CONSENT | LEGALITY OF OBJECT AND CONSIDERATION | VOID AGREEMENTS | CONTINGENT CONTRACTS | QUASI CONTRACTS | PERFORMANCE OF CONTRACTS | DISCHARGE OF CONTRACTS | BREACH OF CONTRACT PART—II: THE SALE OF GOODS ACT, 1930 | NATURE AND FORMATION OF CONTRACT OF SALE | CONDITIONS AND WARRANTIES | TRANSFER OF OWNERSHIP AND DELIVERY OF GOODS | UNPAID SELLER AND HIS RIGHTS PART—III: THE INDIAN PARTNERSHIP ACT, 1932 | GENERAL NATURE OF PARTNERSHIP | REGISTRATION OF A FIRM| RIGHTS AND DUTIES OF PARTNERS (MUTUAL RELATIONS OF PARTNERS) | LIABILITIES PART—I: THE INDIAN CONTRACT ACT, 1872 | NATURE AND KINDS OF CONTRACTS | OFFER AND ACCEPTANCE | CONSIDERATION | CAPACITY TO CONTRACT | FREE CONSENT | LEGALITY OF OBJECT AND CONSIDERATION | VOID AGREEMENTS | CONTINGENT CONTRACTS | QUASI CONTRACTS | PERFORMANCE OF CONTRACTS | DISCHARGE OF CONTRACTS | BREACH OF CONTRACT PART—II: THE SALE OF GOODS ACT, 1930 | NATURE AND FORMATION OF CONTRACT OF SALE | CONDITIONS AND WARRANTIES | TRANSFER OF OWNERSHIP AND DELIVERY OF GOODS | UNPAID SELLER AND HIS RIGHTS PART—III: THE INDIAN PARTNERSHIP ACT, 1932 | GENERAL NATURE OF PARTNERSHIP | REGISTRATION OF A FIRM| RIGHTS AND DUTIES OF PARTNERS (MUTUAL RELATIONS OF PARTNERS) | LIABILITIES OF THE FIRM AND ITS PARTNERS AND RECONSTITUTION OF A FIRM | DISSOLUTION OF A FIRM PART—IV: MODEL TEST PAPERS | MODEL TEST PAPER-I| MODEL TEST PAPER-II | MODEL TEST PAPER-III | MODEL TEST PAPER | ||
| 942 |
_2ddc _cFCM |
||
| 999 |
_c8871 _d8871 |
||